Counties of Arizona - Statistics

General Stats
  • This quiz has been taken 13 times
  • The average score is 13 of 15
Answer Stats
Answer % Correct
Apache
90%
Coconino
90%
Graham
90%
Maricopa
90%
Mohave
90%
Navajo
90%
Pima
90%
Pinal
90%
Yavapai
90%
Yuma
90%
Cochise
80%
Gila
80%
La Paz
80%
Santa Cruz
80%
Greenlee
70%
No matching quizzes found
Score Distribution
Percent of People with Each Score
Percentile by Number Answered
Your Score History
You have not taken this quiz